Foundation of education for business

Bibliographic Details
Main Authors: Bahr, Gladys , 1902 (Author), Bangs, F. Kendricks (Author)
Format: Book
Published: Reston, Va. : National Business Education Association , 1975
Series:National Business Education Yearbook ; no.13
Subjects:

MARC

LEADER 00000cam a2200000 7i4500
001 0000008815
005 20201223093000.0
008 021119n
050 0 0 |a HF1103   |b .F67 
090 0 0 |a HF1103   |b .F67 
245 0 0 |a Foundation of education for business   |c editors, Gladys Bahr, F. Kendrick Bangs 
260 2 |a Reston, Va. :   |b National Business Education Association ,   |c 1975 
300 |a 353 p. ; ;   |c 22 cm. 
440 0 0 |a National Business Education Yearbook ; no.13 
650 0 |a Business education 
650 0 |a Economics 
700 0 |a Bahr, Gladys ,   |d 1902 ,   |e author 
700 0 |a Bangs, F. Kendricks ,   |e author 
999 |a 1000010615   |b Book   |c OPEN SHELF (30 DAYS)   |e Gong Badak Campus